Umíte marketing?

Saved in:
Bibliographic Details
Main Author: Hiestand, Michael
Other Authors: Sajdlová, Eva, Kružík, Lubomír
Format: Book
Language:Czech
Published: Praha Nakladatelství Svoboda 1994
Edition:1. vyd.
Subjects:
Tags: Add Tag
No Tags, Be the first to tag this record!

MARC

LEADER 00000nam a2200000 4500
001 c005954
005 20221214075025.7
020 |a 80-205-0422-2 
041 0 |a cze 
044 |a CZ 
245 1 0 |a Umíte marketing?  |c Michael Hiestand ; [Z angl. prel.] Eva Sajdlová, Lubomír Kružík 
250 |a 1. vyd. 
264 1 |a Praha  |b Nakladatelství Svoboda  |c 1994 
300 |a 92 s. 
610 2 0 |a marketing 
610 2 0 |a reklama 
610 2 0 |a prieskum spotrebiteľský 
100 1 |a Hiestand, Michael 
700 1 |a Sajdlová, Eva 
700 1 |a Kružík, Lubomír